| 000 -ლიდერი |
| ფიქსირებული სიგრძის საკონტროლო ველი |
01767nam a2200289Ia 4500 |
| 001 - საკონტროლო ნომერი |
| საკონტროლო ველი |
19929 |
| 003 - საკონტროლო ნომრის იდენტიფიკატორი |
| საკონტროლო ველი |
GE_BSU |
| 005 - ბოლო ოპერაციის თარიღი და დრო |
| საკონტროლო ველი |
20200512232927.0 |
| 008 - ფიქსირებული სიგრძის მონაცემთა ელემენტები - ზოგადი ინფორმაცია |
| ფიქსირებული სიგრძის საკონტროლო ველი |
181216s1988||||ge |||||||||||||| ||geo|| |
| 040 ## - კატალოგიზაციის წყარო |
| Transcribing agency |
GE_BSU |
| 041 ## - ენის კოდი |
| Language code of text/sound track or separate title |
geo |
| 080 ## - უნივერსალური ათობითი კლასიფიკაციის ინდექსი |
| Universal Decimal Classification number |
81'374(038) = 353.1'35 ჯ-71 |
| 100 ## - მთავარი ჩანაწერი - პიროვნების სახელი |
| Personal name |
ჯორბენაძე, ბ. |
| 9 (RLIN) |
7226 |
| 245 ## - ცნობა სათაურის შესახებ |
| Title |
ქართული ენის მორფემებისა და მოდალური ელემენტების ლექსიკონი : |
| Remainder of title |
მასალები ქართული ენის სისტემატური კურსისათვის / |
| Statement of responsibility, etc |
ბ. ჯორბენაძე, მ. კობაიძე, მ. ბერიძე ; მთ. რედ. თედო უთურგაიძე. |
| 264 ## - წარმოების, გამოცემის, დისტრიბუციის და სხვა ცნობები |
| გამოცემის, წარმოების, დისტრიბუციის... ადგილი |
თბილისი : |
| გამოცემის, წარმოების, დისტრიბუციის... სახელწოდება |
მეცნიერება, |
| გამოცემის, წარმოების, დისტრიბუციის... თარიღი |
1988. |
| 300 ## - ფიზიკური აღწერა |
| Extent |
522 გვ. ; |
| Dimensions |
22 სმ. |
| 504 ## - BIBLIOGRAPHY, ETC. NOTE |
| Bibliography, etc |
ბიბლიოგრ. : გვ. 509-521 |
| 653 ## - INDEX TERM--UNCONTROLLED |
| Uncontrolled term |
მასალები ქართული ენის სისტემატური კურსისათვის |
| 653 ## - INDEX TERM--UNCONTROLLED |
| Uncontrolled term |
ქართული ენის მორფემებისა და მოდალური ელემენტების ლექსიკონი |
| 700 ## - ADDED ENTRY--PERSONAL NAME |
| Personal name |
კობაიძე, მ. |
| Relator term |
ავტორი |
| 9 (RLIN) |
8042 |
| 700 ## - ADDED ENTRY--PERSONAL NAME |
| Personal name |
ბერიძე, მ. |
| Relator term |
ავტორი |
| 9 (RLIN) |
2335 |
| 700 ## - ADDED ENTRY--PERSONAL NAME |
| Personal name |
უთურგაიძე, თედო |
| Relator term |
მთავარი რედაქტორი |
| 9 (RLIN) |
7872 |
| 710 ## - ADDED ENTRY--CORPORATE NAME |
| Corporate name or jurisdiction name as entry element |
საქ. სსრ მეცნ. აკადემია |
| 9 (RLIN) |
8043 |
| 710 ## - ADDED ENTRY--CORPORATE NAME |
| Corporate name or jurisdiction name as entry element |
ენათმეცნიერების ინსტიტუტი |
| 9 (RLIN) |
8044 |
| 942 ## - ADDED ENTRY ELEMENTS (KOHA) |
| Koha item type |
წიგნი |
| Source of classification or shelving scheme |
|